000 01741nam a2200517 i 4500
001 36560
003 KOSZ 005
005 20200714131244.0
008 980702s1996 pl a f |000 0 pol
015 _aUWD 1996/13157
020 _a8385038361
035 _a991004319809705066
035 _a(PL-WaBN)b11143198-48omnis_nlop
035 _ab11143198
035 _a(OCoLC)749375369
035 _a(PL)b0000001114319
035 _a(EXLNZ-48OMNIS_NETWORK)9910276578205606
040 _aWA N
_cWA N
_dKOSZ 005/HR
046 _k1996
080 _a637.1
100 1 _aDłużewska, Anna
_d(1921-2001)
_eAutor
245 1 0 _aTechnologia mleka spożywczego /
_cAnna Dłużewska, Mieczysław Dłużewski.
250 _aWyd. 3 popr. i uaktual.
260 _aWarszawa :
_b"Hoża",
_c1996.
300 _a190 s. :
_brys., wykr. ;
_c17 cm.
336 _aTekst
_btxt
_2rdacontent
337 _aBez urządzenia pośredniczącego
_bn
_2rdamedia
338 _aWolumin
_bnc
_2rdacarrier
380 _aKsiążki
380 _aPublikacje fachowe
388 _a1901-2000
388 _a1989-2000
490 1 _aBiblioteczka Majstra Mleczarskiego
500 _aNa s. tyt. błędna nazwa serii : Biblioteka Majstra Mleczarskiego.
504 _aBibliogr. s. 189-190.
650 7 _aMleczarstwo
_2DBN
650 7 _aMleko
650 7 _aTechnologia żywności
658 _aRolnictwo i leśnictwo
658 _aInżynieria i technika
700 1 _aDłużewski, Mieczysław
_d(1922-2012)
_eAutor
830 0 _aBiblioteczka Majstra Mleczarskiego
856 _uhttp://koha.tu.koszalin.pl/cgi-bin/koha/opac-detail.pl?biblionumber=36560
_yKatalog online BPK
942 _2UKD
_cKS
999 _c36560
_d36560